In search of the primitive A critique of civilization

Enregistré dans:
Détails bibliographiques
Auteur principal: Stanley Diamond
Format: Livre
Langue:Undetermined
Publié: New Brunswick Transaction 1993
Sujets:
Tags: Ajouter un tag
Pas de tags, Soyez le premier à ajouter un tag!
Thư viện lưu trữ: Trung tâm Học liệu Trường Đại học Cần Thơ
LEADER 00522nam a2200193Ia 4500
001 CTU_18454
008 210402s9999 xx 000 0 und d
082 |a 301 
082 |b D537 
100 |a Stanley Diamond 
245 0 |a In search of the primitive 
245 2 |b A critique of civilization 
245 0 |c Stanley Diamond 
260 |a New Brunswick 
260 |b Transaction 
260 |c 1993 
650 |a anthropology,sociology 
904 |i Minh, 970913 
980 |a Trung tâm Học liệu Trường Đại học Cần Thơ